|
|
|
|
| LEADER |
00627cam a2200193 7i4500 |
| 001 |
0000048712 |
| 005 |
20200102090000.0 |
| 020 |
|
|
|a 9780869824429 (pbk.)
|
| 020 |
|
|
|a 0869824422 (pbk.)
|
| 090 |
0 |
0 |
|a DT763
|b .R34 1994
|
| 245 |
0 |
0 |
|a Race relations survey
|c Carole Cooper ... [et al.].
|
| 260 |
|
|
|a South Africa:
|b South African Institute of Race Relation,
|c 1994.
|
| 300 |
|
|
|a 860 p.
|
| 500 |
|
|
|a Gift: Zainol Ahmad Resource Center
|
| 650 |
0 |
0 |
|a Race relations
|
| 650 |
0 |
0 |
|a Economic history
|
| 651 |
|
0 |
|a South Africa --
|x Race relations
|
| 700 |
1 |
|
|a Cooper, Carole
|
| 999 |
|
|
|a 0000068325
|b BOK
|c OPEN SHELF
|e 1st Floor, Bestari Jaya
|